| 000 | 00824nam a2200253 a 4500 | ||
|---|---|---|---|
| 005 | 20191224041607.0 | ||
| 008 | 140228t1989 cr ||||gr|||| 00| 0 spa d | ||
| 020 | _a997757071x | ||
| 040 |
_aCO-BoIAVH _cCO-BoIAVH |
||
| 041 | _aspa | ||
| 044 | _acr | ||
| 082 | 4 |
_a333.78209728 _bM82s |
|
| 100 | 1 | _aMorales, Róger | |
| 245 | 1 | _aSistema regional de áreas silvestres protegidas de América Central | |
| 260 |
_aTurrialba _bCATIE _c1989 |
||
| 300 |
_a121 paginas.: _c23 x 16 cm |
||
| 650 | 4 |
_aAreas protegidas _zAmerica Central |
|
| 650 | 4 |
_aPlan de acción ambiental _zAmerica Central |
|
| 650 | 4 | _aManejo de biodiversidad | |
| 650 | 4 |
_aConservación de biodiversidad _zAmerica Central |
|
| 662 | _cAmérica Central | ||
| 700 | 1 | _aCifuentes, Miguel | |
| 942 |
_cLIBRO _2ddc |
||
| 999 |
_c1583 _d1583 |
||